Statistics for Chelsea FC Players with 5 Premier League Goals

Click here to take the quiz!

General Stats

  • This quiz has been taken 108 times
    (55 since last reset)
  • The average score is 45 of 95

Answer Stats

GoalsGoalscorer% Correct
147Frank Lampard
98%
104Didier Drogba
94%
85Eden Hazard
92%
7Ashley Cole
90%
27Joe Cole
90%
41John Terry
90%
27Mason Mount
86%
52Diego Costa
84%
20Fernando Torres
84%
7Thiago Silva
84%
7Demba Ba
82%
8Ben Chilwell
80%
19Kai Havertz
80%
12Raheem Sterling
80%
13Gary Cahill
78%
22Branislav Ivanovic
76%
7Reece James
76%
7Nicolas Jackson
73%
37Willian
73%
10Cesar Azpilicueta
71%
35Florent Malouda
69%
21Jorginho
69%
16Michael Ballack
69%
10Cole Palmer
67%
10Timo Werner
67%
16Alvaro Morata
65%
59Gianfranco Zola
65%
69Jimmy Floyd Hasselbaink
65%
25Marcos Alonso
65%
17Michael Essien
65%
8Romelu Lukaku
65%
15Cesc Fabregas
63%
18Juan Mata
63%
36Salomon Kalou
63%
9Antonio Rudiger
61%
11Ngolo Kante
61%
38Nicolas Anelka
61%
21Oscar
61%
17Ramires
61%
21Tammy Abraham
61%
9Andriy Shevchenko
59%
5Conor Gallagher
59%
29Pedro
57%
11David Luiz
55%
7Ricardo Carvalho
55%
15Arjen Robben
51%
54Eidur Gudjohnsen
51%
20Christian Pulisic
49%
9Samuel Eto'o
49%
7Victor Moses
49%
5Gonzalo Higuain
45%
17Olivier Giroud
45%
7Alex
43%
14Damien Duff
43%
20Hernan Crespo
43%
33Dennis Wise
41%
12William Gallas
41%
13Daniel Sturridge
39%
7Reuben Loftus-Cheek
39%
12Andre Schurrle
35%
6Kurt Zouma
35%
6Marcel Desailly
35%
6Hakim Ziyech
33%
8Loic Remy
33%
5Ross Barkley
33%
6Adrian Mutu
31%
5Deco
31%
34Tore Andre Flo
31%
36Gustavo Poyet
27%
8Michy Batshuayi
22%
17Frank Leboeuf
20%
25Mark Hughes
20%
5David Lee
16%
17Gavin Peacock
16%
21Gianluca Viali
16%
7Jesper Gronkjaer
16%
36John Spencer
16%
5Celestine Babayaro
14%
17Dan Petrescu
14%
5Jody Morris
14%
21Mark Stein
14%
6Frank Sinclair
12%
9Graham Stuart
12%
5Juliano Belletti
12%
5Mikael Forssell
12%
13Paul Furlong
12%
7Eddie Newton
10%
7Craig Burley
8%
15Roberto Di Mateo
8%
5Bjarne Goldbaek
6%
7Mario Stanic
6%
6Tony Cascarino
6%
9Mick Harford
4%
7Neil Shipperly
4%
6Samuele Dalla Bona
4%

Score Distribution

Percentile by Number Answered

Percent of People with Each Score

Your Score History

You have not taken this quiz since the last reset